[Event "Olympiad Women 2024"]
[Site "Budapest HUN"]
[Date "2024.09.12"]
[Round "2.51"]
[Board "4"]
[White "Ajbali, Ghaleyah"]
[Black "Altesor, Caterina"]
[Result "1-0"]
[WhiteElo "1513"]
[BlackElo "1741"]
[PlyCount "53"]
[EventDate "2024.09.11"]
[WhiteTeam "Kuwait"]
[BlackTeam "Uruguay"]
[WhiteTeamCountry "KUW"]
[BlackTeamCountry "URU"]

1. e4 e5 2. Nf3 Nc6 3. Bc4 Bc5 4. c3 Nf6 5. d4 exd4 6. cxd4 Bb4+ 7. Nc3 Nxe4 8. O-O Nxc3 9. bxc3 Be7 10. d5 Na5 11. Bd3 d6 ({RR} 11... O-O 12. Re1 Bf6 13. d6 cxd6 14. Qa4 Nc6 15. Ba3 Ne5 16. Bc2 Nxf3+ 17. gxf3 Be5 18. f4 b5 19. Qe4 Qh4 20. fxe5 Qg5+ 21. Qg2 Qd2 22. Be4 Rb8 23. Bxd6 Bb7 24. Bxb7 Rxb7 25. Bxf8 Kxf8 26. Qxb7 {1-0 Gosh,C (2025)-Novikova,M (1991) Titled Tue 13th Aug Early 2024 (6)}) 12. Qa4+ c6 13. Re1 Bd7 ({RR} 13... b5 14. Qe4 Bb7 15. Bg5 f6 16. Bf4 Qd7 17. Nd4 cxd5 18. Qe2 Nc4 19. Bf5 {1-0 Annaberdiyev,B (2146)-Alekseenko,K (2696) Titled Arena Mar 6th blitz 2021}) 14. Qh4 $146 ({RR} 14. Qd4 f6 15. c4 b5 16. Bf4 c5 17. Qe4 Kf7 18. cxb5 f5 19. Qa4 Bf6 20. Rad1 a6 21. Qc2 axb5 22. Bxf5 Nc4 23. Bxh7 Rxh7 24. Qxh7 Rxa2 25. h4 Bg4 26. Ng5+ Bxg5 27. hxg5 Qd7 28. g6+ Kf6 {1-0 Schleicher,G (2170)-Roth,T (2050) Chessemy Open A 2023 (5.19)}) 14... cxd5 15. Bg5 Be6 16. Bf5 Kd7 17. Bxe7 Qxe7 18. Qg4 Qf6 19. Bxe6+ fxe6 20. Qa4+ Nc6 21. Nd4 e5 22. Rab1 Rhf8 23. Rxb7+ Kd8 24. Nxc6+ Kc8 25. Ne7+ Kxb7 26. Qc6+ Kb8 27. Rb1# 1-0

[Event "Olympiad Women 2024"]
[Site "Budapest HUN"]
[Date "2024.09.12"]
[Round "2.52"]
[Board "1"]
[White "Ruddy, Rachel"]
[Black "Johnson, Gabriella"]
[Result "1/2-1/2"]
[WhiteElo "1662"]
[BlackElo "1896"]
[PlyCount "92"]
[EventDate "2024.09.11"]
[WhiteTeam "Jersey"]
[BlackTeam "Trinidad & Tobago"]

1. Nf3 d5 2. g3 Nf6 3. Bg2 e6 4. d3 Bd6 5. O-O Nbd7 6. Nbd2 O-O ({RR} 6... b6 7. Re1 Bb7 8. e4 dxe4 9. dxe4 Ne5 10. b3 Nxf3+ 11. Bxf3 Be5 12. Rb1 Bc3 13. Re3 Bd4 14. Re1 e5 15. Bb2 Bxb2 16. Rxb2 Qd4 17. Nc4 O-O-O 18. Qxd4 exd4 19. Nd2 Rhe8 20. Rbb1 Nd7 21. Bg2 {0-1 Rosales Espinel,J-Guerra Verano,D (1606) Ibague op 2021 (2)}) 7. e4 c6 8. Re1 e5 9. a4 $146 ({RR} 9. c3 Qc7 10. Nh4 Nc5 11. Nb3 Bg4 12. Qc2 Rad8 13. Bg5 dxe4 14. dxe4 Ncd7 15. h3 Be6 16. Rad1 a5 17. Nxa5 Qxa5 18. Rxd6 Qxa2 19. Nf5 Nb6 20. Rxd8 Rxd8 21. Rd1 Rxd1+ 22. Qxd1 Nfd7 23. Ne7+ Kh8 {1-0 Doeres,H (2262)-Seipp,T (2157) BL2-Ost 0001 2000 (6.7)}) ({RR} 9. h4 Re8 10. Nf1 dxe4 11. dxe4 Nc5 12. N3h2 Qc7 13. Bg5 Be7 14. h5 Ne6 15. Bd2 g6 16. h6 Bf8 17. c3 Qe7 18. Bf3 Nd7 19. Ng4 Ng5 20. Bg2 f5 21. exf5 gxf5 22. Nxe5 Nxe5 23. f4 Ngf7 {0-1 Fraiberg,C (1660)-Orsini,P (1990) FRA-chT3 France 2001 (8)}) 9... a5 10. b3 Re8 11. Bb2 d4 12. c3 dxc3 13. Bxc3 Bc7 14. Nc4 b5 15. Ne3 Nc5 16. Bf1 Ba6 17. axb5 cxb5 18. Bb2 b4 19. Nc4 Bxc4 20. bxc4 a4 21. d4 exd4 22. Bxd4 Nfxe4 23. Bd3 h6 24. Bxe4 Nxe4 25. Rxa4 Nc3 26. Rxe8+ Qxe8 27. Rxa8 Qxa8 28. Qd3 Qe4 29. Qxe4 Nxe4 30. c5 f6 31. c6 Kf7 32. Bb2 Ke6 33. Nd4+ Kd6 34. f4 Bb6 35. Kg2 Bxd4 36. Bxd4 Kxc6 37. Kf3 Nc5 38. Kg4 b3 39. Kh5 Kd5 40. Ba1 Nd3 41. Kg6 Ke4 42. Kxg7 Nxf4 43. Kxf6 Nh5+ 44. Kg6 Nxg3 45. hxg3 Kf3 46. Kxh6 Kxg3 1/2-1/2

[Event "Olympiad Women 2024"]
[Site "Budapest HUN"]
[Date "2024.09.12"]
[Round "2.52"]
[Board "2"]
[White "Hermoso Rodriguez, Ysvett"]
[Black "Ashbrooke, Monika"]
[Result "1-0"]
[WhiteElo "1943"]
[BlackElo "1650"]
[PlyCount "65"]
[EventDate "2024.09.11"]
[WhiteTeam "Trinidad & Tobago"]
[BlackTeam "Jersey"]

1. e4 e6 2. d4 d5 3. Nd2 Nf6 4. e5 Nfd7 5. f4 c5 6. c3 Nc6 7. Ndf3 Be7 8. Bd3 f6 9. Ne2 O-O 10. O-O cxd4 11. cxd4 Qb6 ({RR} 11... fxe5 12. fxe5 Nb6 13. a3 Bd7 14. Qc2 h6 15. b3 Rc8 16. Qd1 Be8 17. Nf4 Qd7 18. Bb1 g5 19. Qd3 Rf5 20. Nxe6 Bg6 21. Nc5 Bxc5 22. dxc5 Na8 23. Qd1 Rcf8 24. Bxf5 Bxf5 25. Bb2 Nc7 26. Nd4 {1-0 Demchenko,A (2654)-Avinash,R (2349) Titled Tuesday intern op 24th May Early blitz 2022 (2)}) 12. Kh1 a5 $146 ({RR} 12... f5 13. a3 Qd8 14. Ng5 Nb6 15. Be3 Qe8 16. Rc1 Bd7 17. b4 a6 18. Nc3 Na7 19. Be2 h6 20. Nf3 Nb5 21. Nxb5 Bxb5 22. Bxb5 Qxb5 23. Rc7 Bd8 24. Rc5 Qd7 25. Nd2 Be7 26. Rc1 Rac8 27. Qe2 {½-½ Lee,N (1750)-Nitu,V (1402) CAN-ch U14 Ottawa 2013 (6)}) ({RR} 12... fxe5 13. fxe5 Re8 14. Qe1 Nf8 15. Qg3 Kh8 16. Bg5 Qxb2 17. Bxe7 Nxe7 18. Ng5 Nf5 19. Bxf5 exf5 20. Nf7+ Kg8 21. Nh6+ Kh8 22. Nf7+ {½-½ Stracy,D (1585)-Yu,J (1431) North Island-ch 2019 (3)}) 13. Qc2 f5 14. a3 Rf7 15. Rg1 Kh8 16. g4 g6 17. Be3 Nf8 18. Rg3 Bd7 19. Rag1 Rc8 20. Nc3 Na7 21. Qd2 Bc6 22. h4 h6 23. Qg2 Nh7 24. gxf5 exf5 25. Rxg6 Qd8 26. Rxh6 Qg8 27. Rg6 Qe8 28. Rg7 Rf8 29. Qg6 Qxg6 30. R7xg6 Rg8 31. Rxg8+ Rxg8 32. Rxg8+ Kxg8 33. Bxf5 1-0

[Event "Olympiad Women 2024"]
[Site "Budapest HUN"]
[Date "2024.09.12"]
[Round "2.52"]
[Board "3"]
[White "Forbes, Yasmin"]
[Black "La Fleur, Zara"]
[Result "0-1"]
[WhiteElo "1606"]
[BlackElo "1773"]
[PlyCount "106"]
[EventDate "2024.09.11"]
[WhiteTeam "Jersey"]
[BlackTeam "Trinidad & Tobago"]

1. c4 e5 2. g3 Nf6 3. Bg2 d5 4. d4 ({RR} 4. Qc2 Nc6 5. cxd5 Nxd5 6. d3 Be7 7. Nf3 O-O 8. O-O Re8 9. Nc3 Nb6 10. Ne4 Bf8 11. a3 Bg4 12. Be3 Nd5 13. Nc5 Nxe3 14. fxe3 Bxc5 15. Qxc5 Qd6 16. Qxd6 cxd6 17. h3 Be6 18. Rac1 h6 {0-1 Goric,E (2381)-Brkic,A (2458) Vinkovci m 2005 (6)}) 4... dxc4 ({RR} 4... exd4 5. Qxd4 Nc6 6. Qd1 Bb4+ 7. Bd2 Bc5 8. cxd5 Nxd5 9. Nf3 O-O 10. O-O Be7 11. a3 Bf6 12. Qc2 Bg4 13. Nc3 Bxf3 14. Bxf3 Nd4 15. Qe4 c6 16. Nxd5 cxd5 17. Qd3 Nxf3+ 18. Qxf3 Qb6 19. Rab1 {0-1 Pleh,S (1767)-Fercec,N (2451) Bosnjaci op 24th 2019 (1)}) 5. dxe5 $146 ({RR} 5. Qa4+ Qd7 6. Qxc4 exd4 7. Nf3 Nc6 8. Bf4 Qd5 9. Ne5 Qa5+ 10. Bd2 Nxe5 11. Qxd4 Qc5 12. Bc3 Qxd4 13. Bxd4 Bd6 14. f4 Ned7 15. e4 Bc5 16. Bxf6 Nxf6 17. e5 Ng4 18. Ke2 Ne3 19. Be4 Bg4+ {0-1 Poetsch,G (1634)-Ruecker,B (2170) Bad Zwesten op 7th 2003 (6)}) ({RR} 5. Qa4+ Qd7 6. Qxd7+ Nbxd7 7. Nf3 exd4 8. Nxd4 c6 9. Bf4 Bb4+ 10. Nc3 Nb6 11. Nxc6 bxc6 12. Bxc6+ Bd7 13. Bxa8 Nxa8 14. O-O-O Nb6 15. f3 Bxc3 16. bxc3 Nfd5 17. Be5 Ne3 18. Bxg7 Rg8 19. Rd4 Rxg7 {1-0 Toma,R (1996)-Reshef,O (2169) EU-ch U14 Albena 2011 (7)}) 5... Qxd1+ 6. Kxd1 Ng4 7. Be3 Nxe3+ 8. fxe3 Bc5 9. Nd2 Bxe3 10. Nxc4 Bc5 11. Ke1 O-O 12. Rc1 Nd7 13. Nf3 b5 14. Na5 Rb8 15. Nc6 Rb6 16. Nfd4 Bb7 17. e6 fxe6 18. Nxe6 Bxc6 19. Nxf8 Nxf8 20. Rxc5 Bxg2 21. Rg1 Bc6 22. Kf2 Ne6 23. Rc2 Be4 24. Rd2 Rc6 25. Ke3 Bg6 26. Re1 Kf8 27. Kf3 Ng5+ 28. Kf4 Ne4 29. Rd4 Rf6+ 30. Ke3 Re6 31. Kf3 Ke7 32. h4 Rf6+ 33. Ke3 Nxg3 34. Rf4 Nf5+ 35. Kf2 Nd6 36. Rxf6 gxf6 37. Kf3 Kd7 38. Kf4 c5 39. Rd1 Kc6 40. Rf1 Kd7 41. Kg4 Ke6 42. Rc1 c4 43. b3 Ke5 44. Rd1 Bc2 45. Rc1 cxb3 46. axb3 Bxb3 47. Rc7 Be6+ 48. Kf3 Bf5 49. Rxa7 b4 50. Ra5+ Ke6 51. Ra2 b3 52. Rb2 Bc2 53. Kf4 Nc4 0-1

[Event "Olympiad Women 2024"]
[Site "Budapest HUN"]
[Date "2024.09.12"]
[Round "2.53"]
[Board "1"]
[White "Bwalya Mulwale, Lubuuto"]
[Black "Sosna Mehari Abraham"]
[Result "1-0"]
[WhiteElo "1852"]
[BlackElo "1541"]
[PlyCount "36"]
[EventDate "2024.09.11"]
[WhiteTeam "Zambia"]
[BlackTeam "Eritrea"]
[WhiteTeamCountry "ZAM"]
[BlackTeamCountry "ERI"]

1. d4 d5 2. c4 c6 3. Nc3 e6 4. Nf3 Nf6 5. e3 Bd6 6. Bd3 dxc4 7. Bxc4 b5 8. Bd3 O-O 9. e4 ({RR} 9. O-O a6 10. b3 c5 11. Bb2 Bb7 12. dxc5 Bxc5 13. Rc1 Nbd7 14. h3 h6 15. Qe2 Qe7 16. Rfd1 Rac8 17. e4 Rfd8 18. e5 Nd5 19. Nxd5 Bxd5 20. Bd4 Bxf3 21. Qxf3 Bxd4 22. Rxc8 Rxc8 23. Qe4 Bxf2+ {0-1 Xiang,Z (2435)-Jiang,Q (2238) ch-CHN GpB Men 2023 (11.5)}) 9... Bc7 10. e5 Nd5 11. Bxh7+ Kxh7 $146 ({RR} 11... Kh8 12. Ng5 g6 13. Qf3 f6 14. Bxg6 Qe7 15. Qh5+ Kg8 16. Bh7+ Kh8 17. Nxd5 exd5 18. Bf5+ Kg8 19. Qg6+ Kh8 20. Qh6+ Kg8 21. Bxc8 fxg5 22. Be6+ Rf7 23. Qg6+ Kf8 24. Bxg5 Qb4+ 25. Kf1 Rxf2+ 26. Kxf2 {1-0 Dobrov,V (2515)-Rosenthal,N (2169) Titled Tuesday intern op 2nd Dec blitz 2017 (3)}) 12. Ng5+ Kg6 13. h4 Bxe5 14. dxe5 Nxc3 15. h5+ Kf5 16. Qf3+ Kxe5 17. Bf4+ Kd4 18. Qxc3+ Kd5 1-0

[Event "Olympiad Women 2024"]
[Site "Budapest HUN"]
[Date "2024.09.12"]
[Round "2.53"]
[Board "2"]
[White "Besrat Mesgena Yoseph"]
[Black "Likando Namakau"]
[Result "0-1"]
[WhiteElo "1557"]
[BlackElo "1746"]
[PlyCount "74"]
[EventDate "2024.09.11"]
[WhiteTeam "Eritrea"]
[BlackTeam "Zambia"]
[WhiteTeamCountry "ERI"]
[BlackTeamCountry "ZAM"]

1. e4 c6 2. Nc3 d5 3. exd5 cxd5 4. d4 Nf6 5. Nf3 Bg4 6. Be2 e6 7. O-O Be7 8. h3 Bxf3 9. Bxf3 O-O 10. Bf4 Nc6 11. a3 $146 ({RR} 11. Ne2 b5 12. Re1 Nd7 13. Ng3 Nb6 14. Be2 a6 15. c3 Qd7 16. Bd3 Rac8 17. Qh5 g6 18. Qg4 Bf6 19. h4 Bh8 20. h5 Ne7 21. hxg6 hxg6 22. Bg5 Nf5 23. Nxf5 exf5 24. Qh4 Rfe8 25. Be3 Nc4 {0-1 Martins de Aguiar,M (1851)-Zaak Saraiva,V (1754) Pocos de Caldas op 2022 (6)}) 11... Qb6 12. Rb1 Nxd4 13. Be3 Nxf3+ 14. Qxf3 d4 15. Bf4 dxc3 16. bxc3 Qc6 17. Qg3 Nh5 18. Qg4 Nxf4 19. Qxf4 Bxa3 20. Rfd1 Rad8 21. Rd3 b6 22. Rbd1 Rxd3 23. Rxd3 h6 24. Rg3 Bd6 25. Qh4 Bxg3 26. Qxg3 Rc8 27. Qh4 Qxc3 28. Qe7 Qxc2 29. Qxa7 Qc1+ 30. Kh2 Qc7+ 31. Qxc7 Rxc7 32. Kg3 b5 33. Kh4 b4 34. f4 b3 35. g4 b2 36. Kh5 b1=Q 37. h4 Qg6# 0-1

[Event "Olympiad Women 2024"]
[Site "Budapest HUN"]
[Date "2024.09.12"]
[Round "2.53"]
[Board "3"]
[White "Mbatha, Constance"]
[Black "Elshalom Essayas Berhane"]
[Result "1-0"]
[WhiteElo "1799"]
[BlackElo "1659"]
[PlyCount "109"]
[EventDate "2024.09.11"]
[WhiteTeam "Zambia"]
[BlackTeam "Eritrea"]
[WhiteTeamCountry "ZAM"]
[BlackTeamCountry "ERI"]

1. d4 e6 2. c4 Nf6 3. Nc3 Bb4 4. Qc2 b6 5. Bd2 ({RR} 5. a3 Bxc3+ 6. bxc3 Bb7 7. f3 d5 8. Bg5 Nbd7 9. Nh3 O-O 10. e3 c5 11. cxd5 exd5 12. Bd3 h6 13. Bh4 Qe7 14. Bf5 g5 15. Bg3 Rfe8 16. Bf2 cxd4 17. cxd4 {1-0 Gagunashvili,M (2562)-Hamdani,R (2385) Dubai op 6th 2004 (2)}) 5... Bb7 6. f3 ({RR} 6. e3 Be7 7. Nf3 c5 8. Be2 O-O 9. O-O d6 10. a3 Nbd7 11. b4 cxd4 12. Nxd4 Rc8 13. Qb2 Ne5 14. Qa2 Qc7 15. Ncb5 Qb8 16. Rfc1 Qa8 17. f3 a6 18. Nc3 Rfe8 19. Be1 Nfd7 20. Bf2 h5 {0-1 Ruzicka,Z (2156)-Reist,D (1983) Railway 5 Countries 32nd 2022 (3.3)}) 6... Nc6 7. e3 Bxc3 $146 ({RR} 7... Nh5 8. Nge2 Qh4+ 9. g3 Qf6 10. Bg2 Na5 11. b3 d5 12. cxd5 exd5 13. O-O Bxc3 14. Bxc3 Qe7 15. Qd2 Nc6 16. Rfe1 O-O-O 17. b4 Rde8 18. Nc1 Ba6 19. Qf2 Bc4 20. a4 a6 21. Bf1 Bxf1 22. Kxf1 {1-0 Tomczak,K (2069)-Krygier,I (1800) Golden Rook op 2003 (1)}) 8. Bxc3 O-O 9. Bd3 d5 10. Ne2 dxc4 11. Bxc4 Nd5 12. Bxd5 exd5 13. O-O Re8 14. Bd2 Ne7 15. Ng3 Ng6 16. Rae1 Rc8 17. Bc3 c5 18. Qd1 Rc7 19. dxc5 Rxc5 20. Qd4 f6 21. Rd1 Qc7 22. Rfe1 Ne5 23. e4 dxe4 24. Nxe4 Rd5 25. Qa4 Bc6 26. Qb3 Qd7 27. Nf2 Kh8 28. Rxd5 Bxd5 29. Qd1 Qc6 30. Bxe5 fxe5 31. a3 h6 32. h3 Bf7 33. Ng4 e4 34. fxe4 Rxe4 35. Rxe4 Qxe4 36. Qd2 Qd5 37. Qxd5 Bxd5 38. Kf2 Kg8 39. Ne3 Be6 40. Kg3 Kf7 41. Kf4 Kf6 42. g4 b5 43. h4 g5+ 44. hxg5+ hxg5+ 45. Ke4 Bd7 46. b4 Bc6+ 47. Kd4 a6 48. Nd5+ Ke6 49. Nc7+ Kd6 50. Nxa6 Bd7 51. Nc5 Bxg4 52. Ne4+ Kc6 53. Nxg5 Be2 54. Nf7 Bc4 55. Ne5+ 1-0

[Event "Olympiad Women 2024"]
[Site "Budapest HUN"]
[Date "2024.09.12"]
[Round "2.54"]
[Board "1"]
[White "Charinda, Kudzanayi"]
[Black "Andhin, Chethanah"]
[Result "1-0"]
[WhiteElo "1854"]
[BlackElo "1607"]
[PlyCount "65"]
[EventDate "2024.09.11"]
[WhiteTeam "Zimbabwe"]
[BlackTeam "Mauritius"]
[WhiteTeamCountry "ZIM"]
[BlackTeamCountry "MRI"]

1. e4 g6 2. d4 Bg7 3. Nf3 d6 4. c3 a6 5. Bd3 Nd7 ({RR} 5... Nf6 6. O-O O-O 7. Re1 Nfd7 8. Bg5 h6 9. Bh4 b5 10. a4 bxa4 11. Rxa4 Bb7 12. Nbd2 c5 13. Nc4 cxd4 14. cxd4 g5 15. Bg3 Nc6 16. d5 Na7 17. Na5 Nc5 18. Nxb7 Nxb7 19. Rxa6 Nc5 20. Ra2 {1-0 Paravyan,D (2634)-Andriasian,Z (2586) Titled Tuesday intern op 3rd July blitz 2018 (9)}) ({RR} 5... b6 6. O-O Bb7 7. Re1 e6 8. Bg5 Ne7 9. Nbd2 h6 10. Bh4 Nd7 11. a4 g5 12. Bg3 Ng6 13. e5 d5 14. Nf1 g4 15. N3d2 h5 16. Bxg6 fxg6 17. Ne3 O-O 18. f3 gxf3 19. Nxf3 g5 20. h4 {0-1 Rasulov,V (2531)-Gan-Erdene,S (2434) Titled Tue 10th Sep Early 2024 (3)}) 6. Be3 b5 7. Nbd2 Bb7 $146 ({RR} 7... Ngf6 8. h3 O-O 9. O-O c5 10. Rc1 Bb7 11. Bb1 Rc8 12. Re1 cxd4 13. cxd4 Rxc1 14. Qxc1 Qa8 15. Bf4 Rc8 16. Qd1 Nb6 17. b3 h6 18. Qe2 g5 19. Bh2 Bc6 20. Nf1 b4 21. Bd3 a5 22. Ng3 {½-½ Kleine,J (1644)-Seyb,A (1640) GER-chT U12 Verden/Aller 2002 (5.1)}) 8. Qb3 Ngf6 9. O-O O-O 10. c4 c6 11. Rad1 Rc8 12. h3 Ba8 13. e5 dxe5 14. dxe5 Ne8 15. e6 Ne5 16. Nxe5 Bxe5 17. Nf3 Qc7 18. exf7+ Rxf7 19. cxb5 axb5 20. Ng5 Nd6 21. Nxf7 Nxf7 22. f4 Bf6 23. Be4 Kf8 24. Bc5 Rd8 25. Rxd8+ Qxd8 26. Qe6 Bd4+ 27. Bxd4 Qxd4+ 28. Kh1 Nd6 29. Re1 Bb7 30. Bxg6 hxg6 31. Qxe7+ Kg8 32. Qd8+ Kg7 33. Re7+ 1-0

[Event "Olympiad Women 2024"]
[Site "Budapest HUN"]
[Date "2024.09.12"]
[Round "2.54"]
[Board "2"]
[White "Acham, Meritza"]
[Black "Makwena, Christine"]
[Result "0-1"]
[WhiteElo "1667"]
[BlackElo "1860"]
[PlyCount "98"]
[EventDate "2024.09.11"]
[WhiteTeam "Mauritius"]
[BlackTeam "Zimbabwe"]
[WhiteTeamCountry "MRI"]
[BlackTeamCountry "ZIM"]

1. d4 Nf6 2. c4 g6 3. Nc3 Bg7 4. e4 d6 5. Nf3 O-O 6. Be2 e5 7. O-O exd4 8. Nxd4 Re8 9. f3 Nbd7 ({RR} 9... a5 10. Bg5 c6 11. Qd2 Na6 12. Rad1 Nc5 13. Kh1 a4 14. b4 axb3 15. axb3 Qb6 16. b4 Ne6 17. Nxe6 Bxe6 18. Bd3 Nd7 19. Ne2 Ne5 20. Be3 Qa6 21. Bd4 Nxd3 22. Bxg7 Kxg7 23. Qxd3 Bxc4 24. Qc3+ {1-0 Paravyan,D (2653)-Pridorozhni,A (2596) Khanty-Mansiysk Top 16 GP rapid 2020 (5)}) 10. Qd2 $146 ({RR} 10. Bg5 c6 11. Qd2 Qb6 12. Be3 Qc7 13. Rac1 Nb6 14. Rfd1 Nfd7 15. Ndb5 cxb5 16. Nxb5 Qd8 17. Nxd6 Ne5 18. c5 Nbd7 19. c6 Nxc6 20. Nxc8 Rxc8 21. Qxd7 Bd4 22. Rxd4 Nxd4 23. Bb5 Rxc1+ 24. Bxc1 Qxd7 {0-1 Rellstab,L-Najdorf,M Bled International 1950 (5)}) ({RR} 10. Bg5 c6 11. Qd2 a5 12. Bh6 Bh8 13. Rad1 a4 14. Kh1 Qa5 15. Qc2 Nc5 16. Bf4 Nfd7 17. Bxd6 Ne5 18. f4 Ng4 19. Bxg4 Bxg4 20. e5 Bxd1 21. Rxd1 Bg7 22. h3 f6 23. Nf3 f5 24. Qf2 Ne6 {0-1 Sakhayi,M (2166)-Kim,S (2295) Titled Tue 4th Jun Late 2024 (4)}) ({RR} 10. Bg5 c6 11. Qd2 Nb6 12. Nd1 Qe7 13. Nf2 d5 14. cxd5 cxd5 15. Nb5 a6 16. Nc3 Qc5 17. Be3 Qd6 18. Qd4 Ng4 {0-1 Porcacchia,G (1599)-Proietti,T (1878) Viterbo op 6th 2009 (2)}) 10... Ne5 11. b3 c6 12. Rd1 Qc7 13. Ba3 Bf8 14. Nc2 Re6 15. Ne3 Qb6 16. Na4 Qc7 17. Rac1 Ned7 18. Rc3 Ne8 19. Rd3 Ne5 20. Rd4 Bh6 21. Kh1 c5 22. Rd5 Nc6 23. Qc3 Nd4 24. Ng4 Bg7 25. Qd2 h5 26. Nf2 Qe7 27. Bb2 Nc7 28. Bxd4 Bxd4 29. Nd3 Nxd5 30. cxd5 Rf6 31. Qg5 Bd7 32. Nab2 b5 33. Nf4 Qe5 34. Qxe5 dxe5 35. Nfd3 Rb6 36. Rc1 Rc8 37. Nd1 c4 38. Nb4 a5 39. Nc2 cxb3 40. axb3 Rb7 41. Bd3 Rbc7 42. Rb1 Rxc2 43. Bxc2 Rxc2 44. h3 Kg7 45. Kh2 h4 46. Kh1 Kf6 47. Kh2 Kg5 48. b4 a4 49. d6 a3 0-1

[Event "Olympiad Women 2024"]
[Site "Budapest HUN"]
[Date "2024.09.12"]
[Round "2.55"]
[Board "1"]
[White "Nomcebo, Sibisi"]
[Black "Sakai, Azumi"]
[Result "0-1"]
[WhiteElo "1570"]
[BlackElo "1871"]
[PlyCount "118"]
[EventDate "2024.09.11"]
[WhiteTeam "Eswatini"]
[BlackTeam "Japan"]
[BlackTeamCountry "JPN"]

1. d4 d5 2. Nf3 Nf6 3. g3 e6 4. Bg2 Bd6 5. O-O O-O 6. b3 c6 ({RR} 6... c5 7. Bb2 Nc6 8. e3 b6 9. Ne5 Bb7 10. Nd2 Qc7 11. Nxc6 Bxc6 12. dxc5 Bxc5 13. Bxf6 gxf6 14. c4 dxc4 15. Qg4+ Kh8 16. Qxc4 Bxg2 17. Kxg2 Qb7+ 18. e4 Rfd8 19. Nf3 Rac8 20. Qe2 b5 21. Rfd1 {1-0 Yakubboev,N (2630)-Bluebaum,M (2663) Airthings Masters Div 2 W 2023 (1.3)}) 7. Ne5 $146 ({RR} 7. c4 Nbd7 8. Ba3 Bxa3 9. Nxa3 Qe7 10. Qc1 e5 11. dxe5 Nxe5 12. Qb2 Nxf3+ 13. Bxf3 Bh3 14. Rfe1 Rad8 15. Rad1 Rd7 16. cxd5 Rfd8 17. e4 cxd5 18. exd5 Qc5 19. Rc1 Qf8 20. Nb5 Nxd5 21. Nxa7 Nb4 {1-0 Rey,G (2359)-Pruess,D (2228) Oz.com qual blitz 2000 (7)}) ({RR} 7. c4 b6 8. Nc3 Bb7 9. Qc2 Nbd7 10. Rd1 Rc8 11. Bb2 Rc7 12. Rac1 Qa8 13. Ne5 Rcc8 14. Nxd7 Nxd7 15. e4 Bb4 16. a3 Bxc3 17. Bxc3 Nf6 18. f3 Rfe8 19. e5 Nd7 20. f4 c5 21. cxd5 Bxd5 {0-1 Bogdanovski,P-Zashev,A FRM-chT 17th 2008 (4)}) 7... Nbd7 8. Bb2 Qc7 9. Nxd7 Bxd7 10. Nd2 Rac8 11. Rc1 Rfe8 12. Nf3 Ne4 13. c4 f5 14. Ne5 Rf8 15. cxd5 exd5 16. Nxd7 Qxd7 17. e3 Rce8 18. a3 g5 19. b4 Re6 20. Rc2 Rh6 21. Bxe4 fxe4 22. f3 Rhf6 23. Rcf2 Qf7 24. Kg2 Qh5 25. f4 g4 26. Rh1 Qh3+ 27. Kg1 Rg6 28. Bc3 Qh6 29. Bd2 Rf5 30. Qa4 Bb8 31. b5 Qf8 32. Bb4 Qe8 33. bxc6 Rxc6 34. Rc2 Rff6 35. Kg2 Rxc2+ 36. Qxc2 Rc6 37. Qb3 Rc4 38. Rf1 Qb5 39. Qd1 h5 40. h3 Qd7 41. hxg4 Qxg4 42. Qxg4+ hxg4 43. Rd1 Kf7 44. Kf2 Bc7 45. Ke2 b6 46. Kd2 a5 47. Bc3 Bd6 48. Rb1 Rc6 49. a4 Bc7 50. Kc2 Rh6 51. Rg1 Rh2+ 52. Kb3 Re2 53. Rh1 Bd8 54. Rh4 Bxh4 55. gxh4 g3 56. h5 g2 57. h6 g1=Q 58. h7 Qb1+ 59. Ka3 Qa2# 0-1

[Event "Olympiad Women 2024"]
[Site "Budapest HUN"]
[Date "2024.09.12"]
[Round "2.55"]
[Board "2"]
[White "Shibata, Misaki"]
[Black "Dlamini Sincobile"]
[Result "1-0"]
[WhiteElo "1847"]
[BlackElo "1572"]
[PlyCount "81"]
[EventDate "2024.09.11"]
[WhiteTeam "Japan"]
[BlackTeam "Eswatini"]
[WhiteTeamCountry "JPN"]

1. d4 Nf6 2. c4 e6 3. Nc3 g6 4. e4 d6 ({RR} 4... Bg7 5. Bg5 h6 6. Bh4 g5 7. Bg3 a6 8. Nf3 Nh5 9. Be5 d6 10. Bxg7 Nxg7 11. g4 Nd7 12. h4 gxh4 13. Rxh4 b6 14. Qd2 h5 15. gxh5 Rxh5 16. Rxh5 Nxh5 17. Qh6 Nhf6 18. e5 Ng8 19. Qg7 {1-0 Kouatly,B (2480)-Autret,M France sim 1999 (12)}) 5. Bd3 ({RR} 5. Nf3 Bg7 6. Bg5 h6 7. Bh4 g5 8. Bg3 O-O 9. Be2 Nh5 10. O-O Nc6 11. d5 Nxg3 12. hxg3 Ne7 13. Rc1 e5 14. b4 f5 15. c5 f4 16. gxf4 exf4 17. cxd6 Bxc3 18. dxe7 Qxe7 19. Rxc3 g4 {1-0 Cordero,R (1761)-Banegas,T Las Canas Easter op 1st 2022 (2)}) 5... Bg7 6. Nge2 $146 ({RR} 6. f4 Nc6 7. Nf3 O-O 8. O-O Nd7 9. e5 a6 10. a3 dxe5 11. fxe5 Nb6 12. Bg5 Qd7 13. Be3 Ne7 14. Qd2 c6 15. Ne4 Nf5 16. Nf6+ Bxf6 17. exf6 Nxe3 18. Qxe3 Qd8 19. Ng5 {½-½ Thibes,R-Garcia,D Rio de Janeiro CXG op 1st 2001 (5)}) ({RR} 6. Nf3 O-O 7. O-O Nbd7 8. Bg5 Qe8 9. Re1 c6 10. Qd2 e5 11. d5 c5 12. h3 Nh5 13. Nb5 f6 14. Bh6 Qe7 15. Nc7 Rb8 16. Bxg7 Nxg7 17. Nb5 a6 18. Nc3 Nb6 19. b3 Ra8 20. Kh2 Bd7 {1-0 Gosse,R-Diankha,A Ville d'Orsay online Blitz 2021 (6)}) 6... Nbd7 7. O-O O-O 8. f3 b6 9. b4 c5 10. Qb3 Qc7 11. Be3 cxb4 12. Qxb4 a5 13. Qb3 Ba6 14. Rac1 d5 15. exd5 exd5 16. Nxd5 Nxd5 17. cxd5 Qb7 18. Rc6 Rfe8 19. Bxa6 Qxa6 20. Ng3 a4 21. Qc3 Qb5 22. Bf2 Qxd5 23. a3 Bf8 24. Rc1 b5 25. Ne4 f5 26. Nd2 Re2 27. Nb1 Qa2 28. Bg3 Rxg2+ 29. Kh1 Re8 30. Rc2 Rxc2 31. Qxc2 Qxc2 32. Rxc2 Re3 33. Kg2 Rb3 34. Rc7 Rxb1 35. Rxd7 Rb2+ 36. Kh3 Bxa3 37. d5 Rb1 38. Rb7 Bc5 39. d6 Rd1 40. d7 Kf7 41. d8=Q+ 1-0

[Event "Olympiad Women 2024"]
[Site "Budapest HUN"]
[Date "2024.09.12"]
[Round "2.55"]
[Board "3"]
[White "Nosimilo, Mkhonto"]
[Black "Kinoshita, Kanako"]
[Result "1/2-1/2"]
[WhiteElo "1561"]
[BlackElo "1822"]
[PlyCount "122"]
[EventDate "2024.09.11"]
[WhiteTeam "Eswatini"]
[BlackTeam "Japan"]
[BlackTeamCountry "JPN"]

1. e4 d6 2. Nf3 e5 3. Bc4 Nf6 4. d3 h6 5. c3 ({RR} 5. h3 Be7 6. Nc3 O-O 7. Be3 c6 8. O-O d5 9. exd5 cxd5 10. Nxe5 Bb4 11. Bb3 Bxc3 12. bxc3 Bf5 13. Qf3 Be6 14. Qg3 Nh5 15. Qf3 Nf6 16. Qe2 Nc6 17. f4 b5 18. Nxc6 Qc8 19. Ne7+ Kh8 {1-0 Dunat,K (1398)-Wag Eyen,R Olympiad Women-44 2022 (7.4)}) 5... c6 ({RR} 5... Be7 6. O-O Nbd7 7. Nbd2 c6 8. Re1 g5 9. Nf1 Nf8 10. d4 Qc7 11. Ng3 Ng6 12. dxe5 dxe5 13. Nf5 Bf8 14. Qc2 Bd7 15. a4 Rh7 16. b4 O-O-O 17. Be3 Kb8 18. a5 Qc8 {½-½ Sikora Gizynska,B (2250)-Misanovic,V (2330) Olympiad Women-29 1990 (7)}) 6. Bb3 Nbd7 $146 ({RR} 6... Be7 7. O-O Bg4 8. Nbd2 O-O 9. h3 Bh5 10. Re1 Nbd7 11. Nf1 Nc5 12. Ng3 Nxb3 13. axb3 Kh7 14. Qe2 Rg8 15. Qe3 Bxf3 16. gxf3 Qb6 17. Qd2 Nd7 18. b4 Bg5 19. Qe2 Bxc1 20. Raxc1 a5 21. bxa5 {0-1 Suarez,P (1500)-Maldonado,S (1500) Frontera online op 2nd 2020 (5)}) ({RR} 6... Bg4 7. h3 Bxf3 8. Qxf3 Nbd7 9. Nd2 Nc5 10. Bc2 Ne6 11. Nf1 Nc5 12. Ng3 Ne6 13. Nf5 g6 14. Ng3 Bg7 15. Be3 Nd7 16. O-O Qf6 17. Qxf6 Nxf6 18. Rad1 O-O 19. d4 Rfd8 20. Ne2 Kh7 21. f4 {1-0 Pinero,I (1928)-Fleitas,P URU-ch sf Colonia del Sacramento 2015 (1)}) 7. Nbd2 Be7 8. O-O g5 9. d4 Qc7 10. Re1 Nf8 11. dxe5 dxe5 12. Nf1 Be6 13. Ng3 Ng6 14. Nf5 Rd8 15. Qc2 Nh5 16. g4 Nhf4 17. Bxf4 Nxf4 18. Ng7+ Kf8 19. Nxe6+ fxe6 20. Rad1 Kf7 21. Rxd8 Rxd8 22. Kf1 Rd3 23. Re3 Rd8 24. Re1 Kf6 25. Nd2 Bc5 26. Nc4 b5 27. Ne3 a5 28. a4 Qb6 29. axb5 cxb5 30. Ba2 Qb7 31. Rd1 Qb6 32. Rxd8 Qxd8 33. Qd1 Qxd1+ 34. Nxd1 Ke7 35. Bb1 Kd6 36. b3 Kc6 37. Nb2 Bd6 38. Nd3 Ng6 39. Ba2 Be7 40. b4 axb4 41. cxb4 Kd7 42. Ke2 Nf4+ 43. Nxf4 exf4 44. f3 Bxb4 45. h3 Kd6 46. Kd3 e5 47. Bb3 Kc5 48. Bc2 Ba5 49. Bb3 Kb4 50. Kc2 Bb6 51. Bd5 Bd4 52. Bb3 Bf2 53. Bd5 Kc5 54. Kd3 Kb4 55. Kc2 Ka3 56. Bb3 Kb4 57. Bd5 Be1 58. Bb3 Kc5 59. Kd3 b4 60. Bd5 Kb5 61. Bb3 Kc5 1/2-1/2